Detalles MARC
| 000 -LEADER |
| fixed length control field |
01575cam a2200421 a 4500 |
| 005 - FECHA ULTIMA MODIFICACION |
| control field |
20240614081252.0 |
| 008 - CAMPO DE CONTROL (LIBRO) |
| fixed length control field |
100805s2000||||ck a | |||| 00| 0 spa d |
| 020 ## - INTERNATIONAL STANDARD BOOK NUMBER |
| ISBN |
9589181503 |
| 041 ## - CODIGO DE IDIOMA |
| Código de idioma del texto/pista de sonido o título separado |
spa |
| 092 ## - SIGNATURA TOPOGRAFICA DEWEY LOCAL |
| número de clasificación |
614.4 |
| libristica |
47 |
| sección |
LEA |
| 100 1# - ENTRADA PRINCIPAL--NOMBRE PERSONAL |
| Nombre personal |
Leal Quevedo, Francisco J. |
| 9 (RLIN) |
937 |
| 245 ## - TITULO PROPIAMENTE DICHO |
| Título |
Vacunas en pediatría / |
| Mención de responsabilidad y remanente de la transcripción de la portada |
Francisco J. Leal Quevedo. |
| 250 ## - MENCION DE EDICION |
| Mención de edición |
1a ed. 1a reimpr. |
| 260 ## - PIE DE IMPRENTA |
| Lugar de publicación, distribución, etc |
Bogotá: |
| Nombre de la editorial, distribuidor, etc |
Editorial Médica Internacional; |
| Fecha de publicación |
2000. |
| 300 ## - DESCRIPCION FISICA |
| Extension |
217 p. |
| Otros detalles físicos |
il. |
| 500 ## - NOTA GENERAL |
| Nota general |
Leal Quevedo, F. J. (2000). Vacunas en pediatría. (1a ed.). Bogotá : Editorial Médica Internacional. |
| 653 ## - TÉRMINO INDIZADO - PALABRAS CLAVES |
| Palabra clave |
Breve historia de las vacunas |
| 653 ## - TÉRMINO INDIZADO - PALABRAS CLAVES |
| Palabra clave |
Panorama epidemiológico de las enfermedades inmunoprevenibles en Latinoamérica |
| 653 ## - TÉRMINO INDIZADO - PALABRAS CLAVES |
| Palabra clave |
Epidemiología de las enfermedades inmunoprevenibles en Colombia |
| 653 ## - TÉRMINO INDIZADO - PALABRAS CLAVES |
| Palabra clave |
Programa ampliado de inmunizaciones |
| 653 ## - TÉRMINO INDIZADO - PALABRAS CLAVES |
| Palabra clave |
BCG |
| 653 ## - TÉRMINO INDIZADO - PALABRAS CLAVES |
| Palabra clave |
Vacuna contra la polio |
| 653 ## - TÉRMINO INDIZADO - PALABRAS CLAVES |
| Palabra clave |
Vacuna DPT |
| 653 ## - TÉRMINO INDIZADO - PALABRAS CLAVES |
| Palabra clave |
Vacuna contra el Haemophilus influenzae |
| 653 ## - TÉRMINO INDIZADO - PALABRAS CLAVES |
| Palabra clave |
Vacuna contra el sarampión |
| 653 ## - TÉRMINO INDIZADO - PALABRAS CLAVES |
| Palabra clave |
Vacuna contra la parotiditis |
| 653 ## - TÉRMINO INDIZADO - PALABRAS CLAVES |
| Palabra clave |
Vacuna contra la rubéola |
| 653 ## - TÉRMINO INDIZADO - PALABRAS CLAVES |
| Palabra clave |
Vacunas contra la hepatitis |
| 653 ## - TÉRMINO INDIZADO - PALABRAS CLAVES |
| Palabra clave |
Vacuna contra el virus de la influenza |
| 653 ## - TÉRMINO INDIZADO - PALABRAS CLAVES |
| Palabra clave |
Vacuna contra la Neisseria meningitidis (meningococo) |
| 653 ## - TÉRMINO INDIZADO - PALABRAS CLAVES |
| Palabra clave |
Vacuna contra la varicela |
| 653 ## - TÉRMINO INDIZADO - PALABRAS CLAVES |
| Palabra clave |
Vacuna contra el neumococo |
| 653 ## - TÉRMINO INDIZADO - PALABRAS CLAVES |
| Palabra clave |
Vacuna contra la rabia |
| 653 ## - TÉRMINO INDIZADO - PALABRAS CLAVES |
| Palabra clave |
Gamaglobulinas en pediatría |
| 653 ## - TÉRMINO INDIZADO - PALABRAS CLAVES |
| Palabra clave |
Vacunas alergénicas (inmunoterapia alergénica) |
| 930 ## - NUMERO DE INVENTARIO |
| Número de inventario |
1119 |
| 942 ## - ADDED ENTRY ELEMENTS (KOHA) |
| Source of classification or shelving scheme |
Dewey Decimal Classification |
| Item type |
Libros |